Normal view
MARC view
- Grove, George
Entry Nombre Personal
001 - NUMERO DE CONTROL
- campo de control: 48979
003 - IDENTIFICADOR DE NUMERO DE CONTROL
- campo de control: MX-MxUPN
005 - FECHA Y HORA DE LA ÜLTIMA TRANSACCIÓN
- campo de control: 20230522102758.0
008 - DATOS DE LONGITUD FIJA
- campo de control de longitud fija: 230522|| aca||aabn | a|a d
040 ## - FUENTE DE CATALOGACIÓN
- Agencia original de catalogación: MX-MxUPN
- Lenguaje de catalogación: spa
- Agencia de transcripción: MX-MxUPN
100 1# - ENCABEZAMIENTO - NOMBRE PERSONAL
- Nombre personal: Grove, George
670 ## - FUENTE EN LA QUE SE LOCALIZARON DATOS
- Cita de la fuente: Nociones de geografía científica, 1891:
- Información localizada: portada (George Grove: miembro de la Real Sociedad Geográfica de Londres)
902 ## - CATALOGADOR
- Catalogador: Víctor Ruiz/220523
